ბათუმის შოთა რუსთაველის სახელმწიფო უნივერსიტეტის ბიბლიოთეკა

Агрохимия азотных удобрении (ბიბ.ჩანაწერი № 46101)

000 -LEADER
fixed length control field 00619nam a2200217Ia 4500
001 - CONTROL NUMBER
control field 12932
003 - CONTROL NUMBER IDENTIFIER
control field GE_BSU
008 - FIXED-LENGTH DATA ELEMENTS--GENERAL INFORMATION
fixed length control field 181216s||||||||xx |||||||||||||| ||und||
040 ## - CATALOGING SOURCE
Transcribing agency GE_BSU
080 ## - UNIVERSAL DECIMAL CLASSIFICATION NUMBER
Universal Decimal Classification number 631.7
100 ## - MAIN ENTRY--PERSONAL NAME
Personal name Кореньков,Д.А.
245 ## - TITLE STATEMENT
Title Агрохимия азотных удобрении
245 ## - TITLE STATEMENT
Statement of responsibility, etc. Ред.Е.И.Шилова. Худ.Т.К.Самигулин
260 ## - PUBLICATION, DISTRIBUTION, ETC.
Place of publication, distribution, etc. Москва
260 ## - PUBLICATION, DISTRIBUTION, ETC.
Name of publisher, distributor, etc. Наука
260 ## - PUBLICATION, DISTRIBUTION, ETC.
Date of publication, distribution, etc. 1976
300 ## - PHYSICAL DESCRIPTION
Extent 209стр.27см.
300 ## - PHYSICAL DESCRIPTION
Dimensions Библиогр.с.208-222
653 ## - INDEX TERM--UNCONTROLLED
Uncontrolled term Агрохимия азотных удобрении
942 ## - ADDED ENTRY ELEMENTS (KOHA)
Koha item type წიგნი
ეგზემპლარები
Withdrawn status Lost status Damaged status Not for loan Date acquired Barcode Date last seen Price effective from Koha item type
        2018-12-17 20886 2018-12-17 2018-12-17 წიგნი